Statistics for Most Populated Cities in North Korea by Picture

Click here to take the quiz!

General Stats

  • This quiz has been taken 4 times
  • The average score is 2 of 18

Answer Stats

Answer% Correct
Pyongyang
100%
Hamhung
67%
Chongjin
33%
Nampo
33%
Anju
0%
Haeju
0%
Kaechon
0%
Kaesong
0%
Kanggye
0%
Kimchaek
0%
Pyongsong
0%
Rason
0%
Sariwon
0%
Sinuiju
0%
Sunchon
0%
Tanchon
0%
Tokchon
0%
Wonsan
0%

Score Distribution

Percentile by Number Answered

Percent of People with Each Score

Your Score History

You have not taken this quiz